| 000 | 01452cam a22002294a 4500 | ||
|---|---|---|---|
| 005 | 20250605164052.0 | ||
| 008 | 250528s ||||||||||||||||||||||||d | ||
| 035 | _a17307 | ||
| 020 | _a471015571 | ||
| 040 |
_aGR-AtMCL _bgre _dGR-AtMCL _eAACR2 |
||
| 245 | 1 | _aTourism / Principles, Practices, Philosophies | |
| 250 | _a7th | ||
| 260 |
_bJohn Wiley And Sons, Inc, _c1995 |
||
| 300 | _a560 | ||
| 520 | _aPreface, Tourism Overview, Tourism in Perspective, Tourism Through the Ages, Career Oportunities, How Tourism is Organized, World and National and Regional and Other Organizations, Passenger Transportation, Hospitality and Related Services, Organizations in the Distribution Process, Attractions and Recreation and Entertainment and Other, Understanding Travel Behavior, Pleasure Travel Motivation, Cultural and International Tourism for Life's Enrichment, Sociology of Tourism, Tourism Supply and Demand and Planning and Development, Tourism Components and Supply, Measuring and Forecasting Demand, Tourism's Economic Impact, Tourism Planning and Development and Social Considerations, Tourism and the Environment, Essentials of Tourism Research and Marketing, Travel and Tourism Research, Tourism Marketing, Tourism Prospects, Tourism's Failure, Glossary, Index. | ||
| 700 | 1 |
_aGoeldner Charles R _93465 |
|
| 700 | 1 |
_aMcintosh Robert W _93466 |
|
| 700 | 1 |
_aRitchie J.R. Brent _93467 |
|
| 942 | _cBK | ||
| 999 |
_c2735 _d2735 |
||